000 00664nam a2200265 a 4500
003 AR-BaBNM
005 20251128204119.0
008 082120s2002 ||||||||||||||000 | spa||
020 _a950-03-0208-X
040 _cAR-BaBNM
100 1 _aDarío, Rubén
245 0 0 _aAntología poética
250 _a6ª ed.
260 _aBuenos Aires
_bLosada
_c1985
300 _a223 p.
490 0 _aBiblioteca clásica y contemporánea
_vv. 318
650 4 _aPOESIA
650 4 _aANTOLOGIAS
653 _aMODERNISMO
653 _aLITERATURA NICARAGÜENSE
655 _aLITERATURA
700 1 _aTorre, Guillermo de
_eprologuista
942 _cBK
998 _cisola
999 _c6229
_d6229